01923nam a22003377a 4500999001500000001000600015003000900021005001700030008004100047020001500088040003800103082002100141100002500162245010700187250001200294260006100306300003100367504003600398651003500434700001800469942001200487952011900499952013400618952011900752952011900871952011900990952011901109952011901228952011901347952011901466 c1108d110817169BD-DhUAP20200202203954.0200202r20111959ii ||||| b||| 001 0 eng d a8170128951 aBD-DhUAPbEngcBD-DhUAPdBD-DhUAP 223a340.0954 KUL a Kulshreshtha, V. D. a Landmarks in Indian Legal and Constitutional history /cV. D. Kulshreshtha ; revised by B. M. Gandhi. a9th ed. aLucknow :bEastern Book Company,cC1959 [Reprinted 2011] axlvi, 698 pages ;c21 cm. aInclude bibliography and index. aConstitutional historyzIndia. aGandhi, B. M. 2ddccBK 00102ddc4070aUAPCLbUAPCLcGeneral Stacksd2020-02-02o340.0954 KULp3010017169r2020-02-02t1w2020-02-02yBK 00102ddc4070aUAPCLbUAPCLcGeneral Stacksd2020-02-02l1o340.0954 KULp3010015327r2022-10-13s2022-09-28t2w2020-02-02yBK 00102ddc4070aUAPCLbUAPCLcGeneral Stacksd2020-02-02o340.0954 KULp3010017171r2020-02-02t3w2020-02-02yBK 00102ddc4070aUAPCLbUAPCLcGeneral Stacksd2020-02-02o340.0954 KULp3010017174r2020-02-02t4w2020-02-02yBK 00102ddc4070aUAPCLbUAPCLcGeneral Stacksd2020-02-02o340.0954 KULp3010017167r2020-02-02t5w2020-02-02yBK 00102ddc4070aUAPCLbUAPCLcGeneral Stacksd2020-02-02o340.0954 KULp3010017172r2020-02-02t6w2020-02-02yBK 00102ddc4070aUAPCLbUAPCLcGeneral Stacksd2020-02-02o340.0954 KULp3010017168r2020-02-02t7w2020-02-02yBK 00102ddc4070aUAPCLbUAPCLcGeneral Stacksd2020-02-02o340.0954 KULp3010017170r2020-02-02t8w2020-02-02yBK 00102ddc4070aUAPCLbUAPCLcGeneral Stacksd2020-02-02o340.0954 KULp3010017173r2020-02-02t9w2020-02-02yBK